00468nam a2200133Ia 4500100002000000942000700020654003800027245004900065260003800114082001500152546001200167999001700179952013800196 aChung/ Kai Lai  cBK aProbability stochastic Processess aProbability theory with stochastic Processes bNarosa Pub HouseaNew Delhic1991 a519.2bcho aENGLISH c25195d25195 001040708CRCaCRCEbCRCEd2023-03-17eNarosa booksg82.00i8669 dt 30.11.93l0o519.2 chop4972r2023-03-17v82.00w1993-11-30yBK